[Event "Canadian Open"]
[Site "Edmonton CAN"]
[Date "2005.07.15"]
[Round "7"]
[White "Shirov,A"]
[Black "Ivanchuk,V"]
[Result "1/2-1/2"]
[WhiteElo "2705"]
[BlackElo "2752"]

1.e4 c5 2.Nf3 Nc6 3.Bb5 g6 4.Bxc6 dxc6 5.d3 Bg7 6.h3 Nf6 7.Nc3 O-O 8.Be3 b6
9.Qd2 e5 10.Bh6 Qd6 11.O-O-O a5 12.Bxg7 Kxg7 13.g4 Be6 14.Ng5 Nd7 15.Nxe6+ fxe6
16.g5 a4 17.h4 Qd4 18.Rdf1 a3 19.h5 c4 20.f4 cxd3 21.Rf3 Nc5 22.hxg6 hxg6
23.Qh2 axb2+ 24.Kb1 dxc2+ 25.Qxc2 exf4 26.Qxb2 Rh8 27.Rd1 Qe5 28.Rxf4 Rh3
29.Na4 Qxb2+ 30.Nxb2 Rf8 31.Rxf8 Kxf8 32.Rd6 Rh4 33.Kc2 Rh2+ 34.Kc1 Ke7 35.Rxc6 Nxe4
36.Rxb6 Rh4 37.Kc2 Rh2+ 38.Kd3 Nxg5 39.a4 Nf3 40.Nc4 g5 41.a5 g4 42.Ke3 Rc2
43.Nd6 Nd2 44.Kf4 Ra2 45.a6 Ra4+ 46.Kg3 Nc4 47.Nxc4 Rxc4 48.Rb8 Ra4 49.Ra8 Kf6
50.a7 Ke5 51.Kh4 Ke4 52.Kxg4 e5 53.Kg3 Ra2 54.Kh4 Ke3 55.Kh5 e4 56.Kg5 Ra5+
57.Kg6  1/2-1/2

[Event "Canadian Open"]
[Site "Edmonton CAN"]
[Date "2005.07.16"]
[Round "8"]
[White "Ivanchuk,V"]
[Black "Moiseenko,A"]
[Result "1-0"]
[WhiteElo "2752"]
[BlackElo "2664"]

1.d4 Nf6 2.c4 e6 3.Nf3 Bb4+ 4.Nbd2 O-O 5.a3 Be7 6.e4 d5 7.e5 Nfd7 8.b4 a5
9.b5 c5 10.Bb2 b6 11.a4 Re8 12.Bd3 Bb7 13.cxd5 Bxd5 14.Qc2 Nf8 15.dxc5 Bxc5
16.Be4 Nbd7 17.Bxd5 exd5 18.O-O Rc8 19.Qf5 Ne6 20.Nb3 Bf8 21.Rfd1 Ndc5 22.Nbd4 g6
23.Qb1 Qd7 24.Nc6 Nf4 25.h3 Nce6 26.Qa2 Nc5 27.Bc1 Nfd3 28.Ba3 Nf4 29.Qc2 Rxc6
30.bxc6 Qxc6 31.Bc1 Nfe6 32.Be3 Bg7 33.Rd2 h6 34.Rb1 Rc8 35.Rb5 Kh7 36.Nd4 Qe8
37.Nxe6 Nxe6 38.Qd1 d4 39.Bxd4 Nxd4 40.Rxd4 Bxe5 41.Rd3 Rc4 42.g3 Bg7 43.h4 Qc6
44.Qf3 Qc7 45.Rbd5 Rxa4 46.Rd7 Ra1+ 47.Kg2 Qc1 48.Rd1 Qb2 49.Qxf7 Rxd1 50.h5 gxh5
51.Qf5+ Kh8 52.Rxd1 Qf6 53.Qxh5 Qc6+ 54.Kg1 a4 55.Qf5 Qa8 56.Rc1  1-0

[Event "Canadian Open"]
[Site "Edmonton CAN"]
[Date "2005.07.17"]
[Round "9"]
[White "Ganguly,S"]
[Black "Ivanchuk,V"]
[Result "1/2-1/2"]
[WhiteElo "2596"]
[BlackElo "2752"]

1.e4 e5 2.Nf3 Nc6 3.Bb5 Nf6 4.O-O Nxe4 5.d4 Nd6 6.Ba4 exd4 7.c3 d3 8.Qxd3 Be7
9.Bc2 g6 10.Bh6 Nf5 11.Qd2 d6 12.Re1 Be6 13.Ba4 Nxh6 14.Qxh6 Bf8 15.Qe3 Bg7
16.Ng5 Qd7 17.Nxe6 fxe6 18.Qxe6+ Qxe6 19.Rxe6+  1/2-1/2

[Event "2nd Samba Cup"]
[Site "Skanderborg DEN"]
[Date "2005.10.14"]
[Round "1"]
[White "Miton,K"]
[Black "Ivanchuk,V"]
[Result "1/2-1/2"]
[WhiteElo "2636"]
[BlackElo "2748"]

1.d4 Nf6 2.c4 e6 3.Nf3 c5 4.d5 d6 5.Nc3 exd5 6.cxd5 g6 7.e4 Bg7 8.h3 a6 9.Bd3 O-O
10.O-O Nbd7 11.Re1 b5 12.a3 c4 13.Bc2 Nc5 14.Bf4 Bb7 15.Qd2 Qb6 16.Bh6 Rfe8
17.Bxg7 Kxg7 18.Qd4 Nd7 19.Qxb6 Nxb6 20.Nd4 Nfd7 21.Re3 Nc5 22.Rae1 Re7  1/2-1/2

[Event "2nd Samba Cup"]
[Site "Skanderborg DEN"]
[Date "2005.10.17"]
[Round "4"]
[White "Nisipeanu,LD"]
[Black "Ivanchuk,V"]
[Result "1/2-1/2"]
[WhiteElo "2707"]
[BlackElo "2748"]

1.e4 e5 2.Nf3 Nc6 3.Bb5 Nf6 4.O-O Nxe4 5.d4 Nd6 6.Bxc6 dxc6 7.dxe5 Nf5 8.Qxd8+ Kxd8
9.Nc3 Ne7 10.Ne4 Bg4 11.Nfg5 Ke8 12.h3 Bf5 13.g4  1/2-1/2

[Event "2nd Samba Cup"]
[Site "Skanderborg DEN"]
[Date "2005.10.22"]
[Round "8"]
[White "Timofeev,Arty"]
[Black "Ivanchuk,V"]
[Result "1/2-1/2"]
[WhiteElo "2658"]
[BlackElo "2748"]

1.e4 e6 2.d4 d5 3.Nc3 Bb4 4.Ne2 dxe4 5.a3 Be7 6.Nxe4 Nf6 7.N2g3 O-O 8.c3 Nxe4
9.Nxe4 Qd5 10.Qf3 b6 11.Bf4 Bb7 12.Bd3 c5 13.Qg3 Nd7 14.Bh6 g6 15.Bxf8 Rxf8
16.dxc5 f5 17.Nd2 f4 18.Qf3 Qe5+ 19.Qe2 Bxg2 20.Rg1 Nxc5 21.Bc4 Qxe2+ 22.Bxe2 Bc6
23.O-O-O f3 24.Bc4 b5 25.Ba2 Bh4 26.Kc2 Bxf2 27.Rgf1 Bh4 28.b4 Na4 29.Bxe6+ Kg7
30.c4 f2 31.Bd5 Bxd5 32.cxd5 Rc8+ 33.Kb3 Rc3+ 34.Ka2 Re3 35.Nb1 Re2+ 36.Rd2 Nc3+
37.Kb3 Rxd2 38.Nxd2 Nxd5 39.Rb1 Ne3 40.Kc3 h5 41.Kd3 Bg5 42.Ke2 a6 43.Rb3 f1=Q+
44.Nxf1 Nc4 45.Ng3 Bc1 46.Ne4 Bxa3 47.Nd2 Bc1 48.Nxc4 bxc4 49.Rc3 Bf4 50.h3 Bd6
51.Rxc4 Kf6 52.Kd3 g5 53.Ke4 Ke6 54.Rc6 Kd7 55.Rxa6 Bxb4 56.Rh6 h4 57.Kd5 Bd2
58.Rh7+ Kd8 59.Kd6 Bf4+ 60.Ke6 Kc8 61.Rd7 Bg3 62.Rd5 Bf4 63.Rc5+ Kd8 64.Rc4 Bh2
65.Rc3 Bg3 66.Rc2 Bf4 67.Rc5 Be3 68.Rd5+ Kc7 69.Rd7+ Kc6 70.Rd3  1/2-1/2

[Event "Amber Rapid"]
[Site "Monte Carlo MNC"]
[Date "2006.03.20"]
[Round "3"]
[White "Van Wely,L"]
[Black "Ivanchuk,V"]
[Result "1/2-1/2"]
[WhiteElo "2647"]
[BlackElo "2729"]

1.d4 d5 2.c4 c6 3.Nf3 Nf6 4.Nc3 a6 5.a4 e6 6.Bg5 Nbd7 7.Qc2 h6 8.Bh4 Be7
9.e3 O-O 10.a5 c5 11.dxc5 Nxc5 12.cxd5 Nxd5 13.Nxd5 exd5 14.Bxe7 Qxe7 15.Be2 Bg4
16.O-O Rac8 17.Rfd1 Rfd8 18.h3 Ne4 19.Qa4 Bh5 20.Rac1 Ng3 21.Bd3 Rxc1 22.Rxc1 Bxf3
23.gxf3 d4 24.Qc4 dxe3 25.fxg3 Qd6 26.Bf1 Qxg3+ 27.Kh1 Qxf3+ 28.Bg2 Rd1+
29.Rxd1 Qxd1+ 30.Kh2 e2 31.Qc8+ Kh7 32.Qf5+ Kg8 33.Qc8+ Kh7 34.Qf5+  1/2-1/2

[Event "Amber Blindfold"]
[Site "Monte Carlo MNC"]
[Date "2006.03.20"]
[Round "3"]
[White "Ivanchuk,V"]
[Black "Van Wely,L"]
[Result "1-0"]
[WhiteElo "2729"]
[BlackElo "2647"]

1.e4 c5 2.Nf3 d6 3.d4 cxd4 4.Nxd4 Nf6 5.Nc3 a6 6.Be3 e6 7.f3 Be7 8.Qd2 Nc6
9.O-O-O O-O 10.g4 Nxd4 11.Bxd4 b5 12.g5 Nd7 13.h4 Bb7 14.a3 Rc8 15.Rg1 Ne5
16.Qe3 Nc4 17.Bxc4 Rxc4 18.h5 Re8 19.Kb1 Qc7 20.b3 Rc6 21.Nd5 exd5 22.exd5 Rxc2
23.g6 hxg6 24.hxg6 Rf8 25.gxf7+ Rxf7 26.Bxg7 Rxg7 27.Qe6+ Kh8 28.Rxg7 Kxg7
29.Rg1+  1-0

[Event "Amber Blindfold"]
[Site "Monte Carlo MNC"]
[Date "2006.03.21"]
[Round "4"]
[White "Leko,P"]
[Black "Ivanchuk,V"]
[Result "1/2-1/2"]
[WhiteElo "2740"]
[BlackElo "2729"]

1.e4 e5 2.Nf3 Nf6 3.Nxe5 d6 4.Nf3 Nxe4 5.d4 d5 6.Bd3 Bd6 7.O-O O-O 8.c4 c6
9.Qc2 Na6 10.a3 Bg4 11.Ne5 Bf5 12.b4 f6 13.Nf3 Bg6 14.Nc3 Nxc3 15.Bxg6 hxg6
16.Qxc3 dxc4 17.Qxc4+ Rf7 18.b5 cxb5 19.Qxb5 Qd7 20.Qb3 b5 21.Rd1 Re8 22.Be3 Nc7
23.d5 a5 24.a4 Bb4 25.axb5 Nxb5 26.Bd2 Re4 27.Re1 Rxe1+ 28.Bxe1 Nc7 29.Bxb4 axb4
30.Qxb4 Qxd5 31.Qg4 Qf5 32.Qg3 Kh7 33.Qh4+ Qh5 34.Qc4 Qd5 35.Qh4+ Qh5 36.Qc4 Qd5  1/2-1/2

[Event "Amber Blindfold"]
[Site "Monte Carlo MNC"]
[Date "2006.03.23"]
[Round "5"]
[White "Ivanchuk,V"]
[Black "Aronian,L"]
[Result "1/2-1/2"]
[WhiteElo "2729"]
[BlackElo "2752"]

1.e4 e5 2.Nf3 d6 3.d4 exd4 4.Nxd4 Nf6 5.Nc3 Be7 6.Be2 O-O 7.O-O Re8 8.Re1 c5
9.Nf3 Nc6 10.Bf4 Bg4 11.h3 Bh5 12.Bc4 a6 13.a4 Qc8 14.Be2 Bf8 15.Nd2 Bxe2
16.Rxe2 Nd4 17.Re3 b5 18.Bg5 Nd7 19.Nd5 Qb7 20.axb5 axb5 21.Rxa8 Rxa8 22.Nf3 Ne6
23.Be7 Nb6 24.Nxb6 Qxb6 25.Bxf8 Kxf8 26.Rd3 Ke7 27.Qd2 Ra6 28.c3 b4 29.e5 bxc3
30.Qxc3 Qb4 31.Qxb4 cxb4 32.Rd5 Nf4 33.Rb5 Nd3 34.Rb7+ Ke8 35.Rb8+ Ke7 36.Rb7+ Ke8  1/2-1/2

[Event "Amber Rapid"]
[Site "Monte Carlo MNC"]
[Date "2006.03.23"]
[Round "5"]
[White "Aronian,L"]
[Black "Ivanchuk,V"]
[Result "0-1"]
[WhiteElo "2752"]
[BlackElo "2729"]

1.e4 c5 2.Nc3 e6 3.f4 a6 4.Nf3 Nc6 5.d3 d5 6.g3 Nf6 7.Bg2 Be7 8.O-O O-O 9.Ne5 Nd4
10.g4 dxe4 11.dxe4 b5 12.g5 Nd7 13.Nf3 Bb7 14.Kh1 b4 15.Nxd4 cxd4 16.Ne2 Nc5
17.Ng3 Rc8 18.b3 d3 19.cxd3 Qd4 20.Bd2 Nxd3 21.Qf3 Bc5 22.f5 a5 23.Bf4 e5
24.f6 g6 25.Rad1 Ba6 26.Nf5 gxf5 27.Bg3 f4 28.Bh4 Qe3 29.Qh5 Rfd8 30.Rf3 Qe2
31.Rdf1 Bb7  0-1

[Event "Amber Rapid"]
[Site "Monte Carlo MNC"]
[Date "2006.03.26"]
[Round "8"]
[White "Ivanchuk,V"]
[Black "Svidler,P"]
[Result "1/2-1/2"]
[WhiteElo "2729"]
[BlackElo "2765"]

1.d4 d5 2.c4 c6 3.Nf3 Nf6 4.Nc3 dxc4 5.a4 e6 6.e3 c5 7.Bxc4 Nc6 8.O-O cxd4
9.exd4 Be7 10.Qe2 O-O 11.Rd1 Nb4 12.Bg5 Bd7 13.d5 exd5 14.Nxd5 Nbxd5 15.Bxd5 Nxd5
16.Rxd5 Bxg5 17.Nxg5 h6 18.Rad1 hxg5 19.Rxd7 Qb6 20.g3 Qc6 21.b3 b6 22.R1d5 Qc3
23.Rd3 Qc1+ 24.Kg2 Qc6+ 25.Qf3 Qxf3+ 26.Rxf3 f6 27.Rc3 Rf7 28.Rxf7 Kxf7 29.Rc7+ Kg6
30.h3 Rd8 31.Rxa7 Rd4 32.Re7 Rb4 33.Re3 f5 34.Kf3 f4 35.Rd3 fxg3 36.fxg3 g4+
37.hxg4 Kf6 38.Re3 Kg5 39.Re5+ Kf6 40.Rb5 Rxb5 41.axb5 Ke5 42.g5 g6 43.Ke3 Kd5
44.Kd3 Ke5 45.Kc4 Ke4 46.Kc3 Ke3  1/2-1/2

[Event "Amber Blindfold"]
[Site "Monte Carlo MNC"]
[Date "2006.03.30"]
[Round "11"]
[White "Ivanchuk,V"]
[Black "Grischuk,A"]
[Result "1/2-1/2"]
[WhiteElo "2729"]
[BlackElo "2717"]

1.d4 d5 2.c4 e6 3.Nf3 c5 4.cxd5 exd5 5.Nc3 Nc6 6.dxc5 d4 7.Na4 Bxc5 8.Nxc5 Qa5+
9.Qd2 Qxc5 10.e3 dxe3 11.Qxe3+ Qxe3+ 12.Bxe3 Be6 13.Bb5 Ne7 14.Nd4 Bd5 15.O-O O-O
16.Rfd1 Rfd8 17.h3 h6 18.b3 a6 19.Bf1 Rac8 20.Ne2 Nb4 21.Bd2 Nec6 22.Bc3 Be6
23.Rxd8+ Rxd8 24.Nf4 Bf5 25.g4 Bc2 26.Bg2 Rd1+ 27.Rxd1 Bxd1 28.a3 Na2 29.Bd2 Bxb3
30.Nd3 Bc4 31.Nc5 b6 32.Nd7 Nd4 33.Nxb6 Be2 34.Bd5 Nf3+ 35.Bxf3 Bxf3 36.Kh2 g5
37.Kg3 Bc6 38.Nc8 Bd7 39.Nd6 Kg7 40.h4 gxh4+ 41.Kxh4 Kg6 42.Nc4 f6 43.f4 Be6
44.Nb2 f5 45.g5 hxg5+ 46.fxg5 f4 47.Nd3 Kf5 48.Nxf4 Bf7 49.Nd3 Bg6 50.Nc5 a5
51.Bxa5 Nc1 52.a4 Ne2 53.Bd8 Be8 54.a5 Nd4 55.Kg3 Nc6 56.a6 Nxd8 57.Nb7 Nc6
58.Nd6+ Kxg5 59.Nxe8 Kf5  1/2-1/2

[Event "7th ch-Euro"]
[Site "Kusadasi TUR"]
[Date "2006.04.14"]
[Round "10"]
[White "Ivanchuk,V"]
[Black "Berescu,A"]
[Result "1-0"]
[WhiteElo "2729"]
[BlackElo "2433"]

1.d4 Nf6 2.c4 e6 3.Nf3 Bb4+ 4.Bd2 Qe7 5.g3 Nc6 6.Nc3 O-O 7.Bg2 Bxc3 8.Bxc3 Ne4
9.Qc2 Nxc3 10.Qxc3 Qb4 11.Qxb4 Nxb4 12.Kd2 d6 13.Kc3 Nc6 14.b4 a6 15.Rhd1 Bd7
16.a4 a5 17.b5 Nb4 18.c5 Rad8 19.Rd2 f6 20.Ne1 Bc8 21.Rad1 Kf7 22.Nd3 Nxd3
23.Rxd3 Ke7 24.f4 b6 25.h4 dxc5 26.dxc5 Rxd3+ 27.Rxd3 Rd8 28.Rxd8 Kxd8 29.Be4 h6
30.c6 f5 31.Bd3 e5 32.fxe5 g5 33.e3 gxh4 34.gxh4 Be6 35.Bc4 Ke7 36.h5  1-0

[Event "XIII TCh-RUS"]
[Site "Sochi RUS"]
[Date "2006.04.21"]
[Round "2"]
[White "Ivanchuk,V"]
[Black "Aronian,L"]
[Result "1-0"]
[WhiteElo "2731"]
[BlackElo "2756"]

1.e4 e5 2.Nf3 Nc6 3.Bb5 a6 4.Ba4 Nf6 5.O-O Be7 6.Re1 b5 7.Bb3 O-O 8.a4 b4
9.d4 d6 10.dxe5 Nxe5 11.Nxe5 dxe5 12.Qf3 Bb7 13.Nd2 Bc5 14.Nf1 Qc8 15.h3 Kh8
16.Ng3 Nxe4 17.Nxe4 f5 18.Nxc5 Bxf3 19.gxf3 f4 20.Kh2 Qf5 21.Bd2 Rf6 22.Rg1 Rh6
23.Rg4 a5 24.Re1 Rf8 25.Ne4 Qh5 26.h4 Rg6 27.Rxg6 Qxg6 28.c3 c5 29.Nxc5 Rd8
30.Ne4 Qb6 31.Rd1 Rd3 32.Bc4 Rxf3 33.Be1 g5 34.hxg5 Kg7 35.Rd7+ Kf8 36.Rf7+ Ke8
37.Rf6  1-0

[Event "XIII TCh-RUS"]
[Site "Sochi RUS"]
[Date "2006.04.22"]
[Round "3"]
[White "Moiseenko,A1"]
[Black "Ivanchuk,V"]
[Result "1/2-1/2"]
[WhiteElo "2662"]
[BlackElo "2731"]

1.d4 e6 2.c4 Nf6 3.Nc3 Bb4 4.g3 d6 5.Bg2 Nbd7 6.Nf3 Bxc3+ 7.bxc3 Rb8 8.O-O b6
9.Qa4 O-O 10.Qxa7 Bb7 11.Qa4 Ra8 12.Qb3 Ra5 13.Ne1 Qa8  1/2-1/2

[Event "XIII TCh-RUS"]
[Site "Sochi RUS"]
[Date "2006.04.25"]
[Round "6"]
[White "Ponomariov,R"]
[Black "Ivanchuk,V"]
[Result "1/2-1/2"]
[WhiteElo "2738"]
[BlackElo "2731"]

1.e4 c5 2.Nc3 e6 3.Nf3 a6 4.d4 cxd4 5.Nxd4 Qc7 6.Bd3 Nf6 7.O-O Bc5 8.Nb3 Be7
9.f4 d6 10.a4 Nc6 11.a5 b5 12.axb6 Qxb6+ 13.Kh1 O-O 14.Qf3 Nb4 15.Be3 Qc7
16.Bd4 Bb7 17.Na5 Rab8 18.Nxb7 Qxb7 19.Qh3 h6 20.Qg3  1/2-1/2

[Event "XIII TCh-RUS"]
[Site "Sochi RUS"]
[Date "2006.04.29"]
[Round "10"]
[White "Zvjaginsev,V"]
[Black "Ivanchuk,V"]
[Result "1/2-1/2"]
[WhiteElo "2670"]
[BlackElo "2731"]

1.e4 c5 2.Nf3 Nc6 3.Bb5 e6 4.O-O Nge7 5.Re1 a6 6.Bf1 d5 7.d3 g6 8.Bg5 Bg7
9.c3 h6 10.Bc1 Qc7 11.h4 e5 12.exd5 Nxd5 13.Nxe5 Nxe5 14.d4 cxd4 15.cxd4 Be6
16.dxe5 Bxe5 17.Qa4+ Kf8 18.Nd2 Re8 19.Qc4 Rd8 20.Qxc7 Bxc7 21.a3 Bb6  1/2-1/2

[Event "37th Olympiad"]
[Site "Turin ITA"]
[Date "2006.05.21"]
[Round "1"]
[White "Krylov,Sergey"]
[Black "Ivanchuk,V"]
[Result "1/2-1/2"]
[WhiteElo "2387"]
[BlackElo "2731"]

1.e4 e5 2.Nf3 Nf6 3.Nxe5 d6 4.Nf3 Nxe4 5.d4 d5 6.Bd3 Bd6 7.O-O O-O 8.c4 c6
9.Nc3 Nxc3 10.bxc3 dxc4 11.Bxc4 Bg4 12.Qd3 Nd7 13.Re1 b5 14.Ng5 Nf6 15.Bb3 Qc7
16.h3 Bh5 17.Ne4 Nxe4 18.Qxe4 Bg6 19.Qe2 a5 20.a4 b4 21.Bd2 Rab8 22.Rac1 Qd7
23.Qc4 Rfc8 24.cxb4 Bxb4 25.Bc3 h6 26.Re5 Qd6 27.Bxb4 Rxb4 28.Qc3 Rcb8 29.Bc2 Bxc2
30.Qxc2 Qxd4 31.Rxa5 Rb2 32.Qc5 Qd2 33.g3 g6 34.Ra6 Re8 35.Rxc6 Re1+ 36.Rxe1 Qxe1+
37.Kg2 Qe4+ 38.Kh2 Rb1 39.Rc8+ Kh7 40.Rh8+ Kxh8 41.Qf8+  1/2-1/2

[Event "Pivdenny Bank Geller Mem"]
[Site "Odessa UKR"]
[Date "2006.07.02"]
[Round "1"]
[White "Ivanchuk,V"]
[Black "Bogdanovich,S"]
[Result "1-0"]
[WhiteElo "2731"]
[BlackElo "2190"]

1.e4 c5 2.Nf3 Nc6 3.d4 cxd4 4.Nxd4 g6 5.c4 Bg7 6.Be3 Nf6 7.Nc3 Ng4 8.Qxg4 Nxd4
9.Qd1 e5 10.Bd3 O-O 11.O-O a6 12.Rc1 d6 13.Qd2 Be6 14.Rfd1 Qd7 15.b3 Rac8
16.Bxd4 exd4 17.Ne2 b5 18.cxb5 axb5 19.Qb4 Qa7 20.Nf4 Rxc1 21.Rxc1 Qxa2 22.Nxe6 fxe6
23.Rf1 Qa6 24.g3 Rc8 25.Bxb5 Qb6 26.Qa4 e5 27.Ra1 Rf8 28.Bd3 Qc7 29.Qc4+ Qxc4
30.Bxc4+ Kh8 31.Kf1 Rb8 32.b4 Bf6 33.b5 Bd8 34.Ke2 Bb6 35.f4 Kg7 36.Kd3 Bc5
37.f5 gxf5 38.exf5 Kf6 39.Ke4 Bb6 40.Ra6 Bc5 41.h4 h5 42.Rc6 Rb7 43.b6 Re7
44.Ba6 Rd7 45.b7 Ba7 46.Kd5 d3 47.Bxd3 Rxb7 48.Rxd6+ Kf7 49.Be2 Bb8 50.Bxh5+ Kf8
51.Rf6+ Kg7 52.Rg6+ Kf8 53.f6 e4 54.Rh6  1-0

[Event "Pivdenny Bank Geller Mem"]
[Site "Odessa UKR"]
[Date "2006.07.02"]
[Round "2"]
[White "Tukmakov,V"]
[Black "Ivanchuk,V"]
[Result "1-0"]
[WhiteElo "2560"]
[BlackElo "2731"]

1.d4 d5 2.c4 dxc4 3.e3 e6 4.Bxc4 c5 5.Nf3 a6 6.Bd3 Nf6 7.O-O Nbd7 8.e4 cxd4
9.e5 Nd5 10.Re1 Nc5 11.Bf1 d3 12.Bg5 Qd7 13.a3 h6 14.Bh4 b5 15.Bxd3 Nxd3
16.Qxd3 Bb7 17.Nbd2 Nf4 18.Qxd7+ Kxd7 19.Ne4 Bxe4 20.Rxe4 Nd5 21.Ne1 Bc5
22.Nd3 Rhc8 23.Rd1 Ke8 24.Kf1 Bb6 25.Bg3 Rc2 26.Re2 Rac8 27.Rdd2 R2c4 28.Rd1 a5
29.h3 a4 30.Bh2 Rc2 31.Rdd2 R2c4 32.Bg1 Ba5 33.Rd1 Rc2 34.f4 R8c4 35.g3 g5
36.fxg5 hxg5 37.Bf2 Ke7 38.Be1 Rxe2 39.Kxe2 Re4+ 40.Kf2 Bb6+ 41.Kf3 Re3+
42.Kg4 Rxe5 43.Nxe5 Ne3+ 44.Kxg5 Nxd1 45.Bb4+ Ke8 46.h4 Nxb2 47.h5 Nc4 48.Nf3 Be3+
49.Kf6 Bc1 50.g4 Bb2+ 51.Kg5 Nxa3 52.h6 Nc4 53.h7 a3 54.Bc5 a2 55.Bd4 Bxd4
56.Nxd4 a1=Q 57.h8=Q+ Kd7 58.Qg7 Nd6 59.Qe5 b4 60.Kf6 b3 61.Kg7  1-0

[Event "Pivdenny Bank Geller Mem"]
[Site "Odessa UKR"]
[Date "2006.07.02"]
[Round "3"]
[White "Ivanchuk,V"]
[Black "Drozdovskij,Y"]
[Result "1/2-1/2"]
[WhiteElo "2731"]
[BlackElo "2550"]

1.e4 e6 2.d4 d5 3.Nc3 Nf6 4.Bg5 dxe4 5.Nxe4 Nbd7 6.Nf3 h6 7.Nxf6+ Nxf6 8.Be3 Nd5
9.Bd2 c5 10.dxc5 Bxc5 11.Bd3 O-O 12.Qe2 Qc7 13.O-O-O Nf4 14.Bxf4 Qxf4+ 15.Kb1 b6
16.g3 Qc7 17.Be4 Bb7 18.Bxb7 Qxb7 19.Ne5 Rad8 20.f4 Be7 21.a3 Rxd1+ 22.Rxd1 Rd8
23.Rxd8+ Bxd8 24.c3 Bf6 25.Ng4 Be7 26.Kc2 Qd5 27.Ne5 Bf6 28.Nd3 g6 29.Nb4 Qh1
30.Nd3 h5 31.Ne1 Kg7 32.Nf3 Qa1 33.Qd1 Qa2 34.Qd3 Qa1 35.Kb3 Qh1 36.Qe2 Qb1
37.a4 Qf5 38.Qc4 Qb1 39.Qe2 Qf5 40.Nd2 e5 41.fxe5 Bxe5 42.Qf3 Qh3 43.Qd5 Bf6
44.Ne4 Qg4 45.Nd6 Qd7 46.h3 Kg8 47.g4 hxg4 48.hxg4 Bg7 49.c4 a5  1/2-1/2

[Event "Pivdenny Bank Geller Mem"]
[Site "Odessa UKR"]
[Date "2006.07.03"]
[Round "4"]
[White "Ivanchuk,V"]
[Black "Zhukova,N"]
[Result "1-0"]
[WhiteElo "2731"]
[BlackElo "2425"]

1.e4 e5 2.Nf3 Nc6 3.Bb5 Nf6 4.Bxc6 dxc6 5.d3 Bc5 6.Bg5 h6 7.Bh4 Bd6 8.Nbd2 c5
9.Nc4 Qe7 10.h3 O-O 11.g4 Qe6 12.Ne3 Nh7 13.Qe2 b5 14.a4 c6 15.Nf5 f6 16.O-O Rf7
17.Bg3 Bf8 18.Kg2 g6 19.Ne3 Bg7 20.Rh1 Qd6 21.h4 f5 22.gxf5 gxf5 23.exf5 Bxf5
24.Nd2 Qd4 25.Nxf5 Rxf5 26.Qe4 Raf8 27.axb5 cxb5 28.Qxd4 exd4 29.Rxa7 Nf6
30.Ne4 Ng4 31.Rb7 c4 32.Ra1 cxd3 33.cxd3 Ne5 34.Raa7 Bh8 35.Ra6 R5f7 36.Rxf7 Rxf7
37.Bxe5 Bxe5 38.Rxh6 b4 39.Rg6+ Kf8 40.Rb6 Rf4 41.Rb5 Bg7 42.h5 Rh4 43.Ng3  1-0

[Event "Pivdenny Bank Geller Mem"]
[Site "Odessa UKR"]
[Date "2006.07.04"]
[Round "9"]
[White "Golubev,M"]
[Black "Ivanchuk,V"]
[Result "0-1"]
[WhiteElo "2484"]
[BlackElo "2731"]

1.e4 e5 2.Nf3 Nc6 3.Nc3 Nf6 4.d4 exd4 5.Nxd4 Bc5 6.Be3 Bb6 7.Bb5 O-O 8.O-O Re8
9.Re1 Ne5 10.h3 c6 11.Bf1 d6 12.f4 Ng6 13.Qf3 Ba5 14.Bf2 Bd7 15.Rad1 Qc7
16.Kh1 Rad8 17.Bg1 h5 18.Bh2 h4 19.f5 Ne5 20.Qf2 Bxc3 21.bxc3 Qa5 22.Nb3 Qxc3
23.Rxd6 Bc8 24.Re3 Nxe4 25.Qxh4 Qxe3 26.Rxd8 Nf2+ 27.Kg1 Nxh3+ 28.Kh1 Nf2+
29.Kg1 Nfg4+ 30.Kh1 Rxd8 31.Qxd8+ Kh7 32.Qh4+ Qh6 33.Qxh6+ gxh6 34.Bg1 b6
35.Nd4 h5 36.Be2 Bd7 37.c4 c5 38.Nb5 Bxb5 39.cxb5 Kh6 40.Bxg4 Nxg4 41.a4 Kg5
42.a5 Ne5  0-1

[Event "Chess Cruise g/15"]
[Site "Odessa/Istanbul UKR/TUR"]
[Date "2006.08.30"]
[Round "1"]
[White "Ivanchuk,V"]
[Black "Klinova,M"]
[Result "1-0"]
[WhiteElo "2734"]
[BlackElo "2346"]

1.d4 d6 2.Bg5 Nd7 3.c4 Ngf6 4.Nc3 h6 5.Bh4 e5 6.e3 Be7 7.Nf3 O-O 8.Qc2 exd4
9.Nxd4 Ne5 10.Be2 Be6 11.Nxe6 fxe6 12.O-O Qe8 13.Bg3 Nc6 14.c5 Qd7 15.cxd6 cxd6
16.Rad1 Rac8 17.e4 e5 18.Bb5 a6 19.Bxc6 Qxc6 20.f3 b5 21.Bf2 b4 22.Qb3+ Qc4
23.Na4 Qxb3 24.axb3 Rc2 25.Be3 Kf7 26.Rd3 Ke6 27.Rfd1 Rb8 28.Nb6 Rxb2 29.Nc4 Ra2
30.Nxd6 Rd8 31.Nf5 Rxd3 32.Rxd3  1-0

[Event "Chess Cruise g/15"]
[Site "Odessa/Istanbul UKR/TUR"]
[Date "2006.08.30"]
[Round "3"]
[White "Ivanchuk,V"]
[Black "Palatnik,S"]
[Result "1-0"]
[WhiteElo "2734"]
[BlackElo "2478"]

1.e4 Nf6 2.e5 Nd5 3.d4 d6 4.c4 Nb6 5.exd6 cxd6 6.Nc3 g6 7.Be3 Bg7 8.Rc1 O-O
9.b3 e5 10.dxe5 dxe5 11.Qxd8 Rxd8 12.c5 N6d7 13.Nf3 Nc6 14.Bc4 Nd4 15.Ng5 Rf8
16.Nce4 Nf5 17.O-O Nf6 18.Rfd1 Nxe4 19.Nxe4 Nxe3 20.fxe3 Bh6 21.Kf2 Rb8 22.b4 Kg7
23.Nd6 Bg5 24.Rd5 Bf6 25.b5 Be6 26.Rd3 Be7 27.Bxe6 fxe6+ 28.Ke2 Bxd6 29.cxd6 Rf7
30.Rc7 e4 31.Rd1 Rd8 32.d7 b6 33.Rxa7 Kf6 34.a4 Ke7 35.Rb7  1-0

[Event "Chess Cruise g/15"]
[Site "Odessa/Istanbul UKR/TUR"]
[Date "2006.08.30"]
[Round "4"]
[White "Savchenko,S"]
[Black "Ivanchuk,V"]
[Result "0-1"]
[WhiteElo "2508"]
[BlackElo "2734"]

1.Nf3 d5 2.d4 c5 3.c4 e6 4.cxd5 exd5 5.g3 Nf6 6.Bg2 Be7 7.O-O O-O 8.Nc3 Nc6
9.Bg5 cxd4 10.Nxd4 h6 11.Be3 Re8 12.Qb3 Na5 13.Qc2 Bg4 14.Nf5 Rc8 15.Bd4 Bc5
16.e3 Ne4 17.Nh4 Bxd4 18.exd4 b5 19.a3 Qf6 20.Rfe1 g5 21.Bxe4 dxe4 22.Rxe4 Bh3
23.Nd5 Qd6 24.Nf5 Qxd5 25.Qxc8 Rxc8 26.Ne7+ Kg7 27.Nxd5 Rc2 28.Ne3 Rxb2 29.g4 Nb3
30.Nf5+ Kf6 31.Rd1 Nd2 32.Re3 Bxg4  0-1

[Event "Chess Cruise g/15"]
[Site "Odessa/Istanbul UKR/TUR"]
[Date "2006.08.30"]
[Round "5"]
[White "Ivanchuk,V"]
[Black "Tukmakov,V"]
[Result "1/2-1/2"]
[WhiteElo "2734"]
[BlackElo "2560"]

1.e4 e6 2.d4 d5 3.Nc3 Nf6 4.Bg5 Be7 5.e5 Nfd7 6.Bxe7 Qxe7 7.f4 a6 8.Nf3 c5
9.dxc5 Nc6 10.Bd3 Qxc5 11.Qd2 b5 12.O-O-O O-O 13.h4 Qe7 14.Ne2 Nc5 15.Ned4 Nb4
16.Bxh7+ Kxh7 17.a3 a5 18.axb4 axb4 19.b3 Ra2 20.Kb1 Qa7 21.Qxb4 Bd7 22.Kc1 Rc8
23.Rhe1 Ra1+ 24.Kd2 Ne4+ 25.Ke3 Rxd1 26.Rxd1 Rxc2 27.Qe7 b4 28.Ng5+ Nxg5
29.hxg5 Rc3+ 30.Kf2 Kg6 31.Qxb4 Qa2+ 32.Kg1 Qb2 33.Kh2 Re3 34.Qd2 Qxd2 35.Rxd2 f6
36.gxf6 gxf6 37.exf6 Kxf6 38.b4 e5 39.fxe5+ Kxe5  1/2-1/2

[Event "Chess Cruise g/15"]
[Site "Odessa/Istanbul UKR/TUR"]
[Date "2006.08.31"]
[Round "8"]
[White "Golubev,M"]
[Black "Ivanchuk,V"]
[Result "0-1"]
[WhiteElo "2467"]
[BlackElo "2734"]

1.e4 e5 2.Nf3 Nf6 3.d4 Nxe4 4.Bd3 d5 5.Nxe5 Nd7 6.Nxd7 Bxd7 7.O-O Bd6 8.c4 c6
9.cxd5 cxd5 10.Nc3 Nxc3 11.bxc3 O-O 12.Qh5 g6 13.Qf3 Re8 14.Bf4 Bxf4 15.Qxf4 Rc8
16.Rac1 Qa5 17.Qd6 Red8 18.Qb4 Qxa2 19.Rc2 a5 20.Qxb7 Qa3 21.Qxd5 Ba4 22.Ra2 Qxc3
23.Qe5 Bb3 24.Bb1 Bxa2 25.Bxa2 Qxd4 26.Qe7 Rd7 27.Qa3 a4 28.h3 Rc2 29.Bb1 Rc3
30.Qb2 a3 31.Qb8+ Kg7  0-1

[Event "Chess Cruise g/15"]
[Site "Odessa/Istanbul UKR/TUR"]
[Date "2006.08.31"]
[Round "9"]
[White "Ivanchuk,V"]
[Black "Drozdovskij,Y"]
[Result "1-0"]
[WhiteElo "2734"]
[BlackElo "2552"]

1.e4 e6 2.d4 d5 3.Nd2 dxe4 4.Nxe4 Nd7 5.Nf3 Ngf6 6.Nxf6+ Nxf6 7.Be3 Bd6 8.Bd3 O-O
9.Qe2 b6 10.O-O-O Bb7 11.Kb1 Nd5 12.Bg5 Be7 13.h4 h6 14.Bc1 Qd6 15.Ne5 Nb4
16.Bc4 Bd5 17.Bxd5 Nxd5 18.g4 c5 19.c4 Nb4 20.dxc5 Qxc5 21.a3 Na6 22.Nd7 Qc6
23.Nxf8 Rxf8 24.g5 h5 25.b4 Nc7 26.Bb2 Rc8 27.Rhe1 Bf8 28.Qxh5 Qxc4 29.g6 fxg6
30.Qxg6 e5 31.Rc1 Qb3 32.Re3 Qd5 33.Rxe5 Qd7 34.Rh5 Ne6 35.Qh7+ Kf7 36.Rf5+ Ke7
37.Bf6+ Ke8 38.Qg6+  1-0

[Event "Chess Cruise g/15"]
[Site "Odessa/Istanbul UKR/TUR"]
[Date "2006.08.31"]
[Round "10"]
[White "Zhukova,N"]
[Black "Ivanchuk,V"]
[Result "0-1"]
[WhiteElo "2456"]
[BlackElo "2734"]

1.d4 Nf6 2.c4 e6 3.Nf3 b6 4.g3 Ba6 5.Nbd2 Bb7 6.Bg2 c5 7.dxc5 Bxc5 8.O-O O-O
9.a3 Be7 10.b4 d6 11.Bb2 Nbd7 12.Qb3 Rc8 13.Rfd1 Qc7 14.Rac1 Rfd8 15.Nd4 Bxg2
16.Kxg2 Ne5 17.e4 Qb7 18.f3 a6 19.Nf1 g5 20.h3 h5 21.Qe3 g4 22.hxg4 hxg4
23.Nd2 gxf3+ 24.N4xf3 Ng6 25.Rh1 Ng4 26.Qf4 Nxf4+  0-1

[Event "Chess Cruise g/15"]
[Site "Odessa/Istanbul UKR/TUR"]
[Date "2006.08.31"]
[Round "11"]
[White "Ivanchuk,V"]
[Black "Eingorn,V"]
[Result "1-0"]
[WhiteElo "2734"]
[BlackElo "2590"]

1.d4 Nf6 2.c4 e6 3.Nf3 Bb4+ 4.Nbd2 a5 5.e3 d6 6.Bd3 Nc6 7.O-O Bxd2 8.Nxd2 e5
9.b3 exd4 10.exd4 Nxd4 11.Bb2 Ne6 12.Qf3 O-O 13.Rae1 a4 14.b4 a3 15.Ba1 c5
16.Ne4 Nd4 17.Nxf6+ Qxf6 18.Qxf6 gxf6 19.Bxd4 cxd4 20.Re4 Ra4 21.Rb1 Bf5
22.Rxd4 Bxd3 23.Rxd3 Rc8 24.Rd4 Re8 25.Kf1 Re6 26.Rb3 b6 27.g3 h6 28.Rdd3 Kf8
29.Rxa3 Rxb4 30.Rab3 Rxc4 31.Rxb6 Rc2 32.Rdxd6 Rxd6 33.Rxd6 Rxa2 34.Rxf6 Kg7
35.Rf5  1-0